|
|
|
แสดงรายละเอียดบรรณานุกรม |
|
|||
| ห้องสมุดโรงเรียนพะเยาพิทยาคม...ยินดีต้อนรับ...ทุกท่านเข้าสู่ระบบห้องสมุดอัตโนมัติ | ||||
|
Brief Record
: Get Marc (ISO 2709)
: E-mail record
: |
|
|
| LEADER 00000nam 2200000uu 4500 | |||
| 001 13399113590 | |||
| 003 ULIBM | |||
| 008 121128s||||||||th 000 0 tha d | |||
| 082 ^a005.1 ^bก311 ส | |||
| 100 ^aGigabyte | |||
| 245 ^aสร้างPc ของคุณเองใน 30 นาที /^cโดยGigabyte | |||
| 260 ^aพิมพ์ครั้งที่1^bกรุงเทพฯ:^cGigabyte,^dมปป. | |||
| 300 ^a^96 หน้า^b21 ซม. | |||
| 650 ^aสร้างPc | |||
| 945 ^p0^l0^i39213 | |||
| 945 ^p0^l0^i39214 | |||
| 945 ^p0^l0^i39215 | |||
| 945 ^p0^l0^i39216 | |||
| 945 ^p0^l0^i39217 | |||
| 945 ^p0^l0^i39218 | |||
| 999 ^aกนกวรรณ | |||
| คุณยังไม่ได้ล็อกอิน คุณสามารถมีกิจกรรมร่วมกับเว็บไซต์ได้ แต่ต้องล็อกอินก่อน :: |
|
| สถานะ | |||||||||
| 1. | หนังสือ | 005.1 ก311 ส Barcode: 39213 | ►หนังสือทั่วไป | On Shelf ขอยืม | |||||
| 2. | หนังสือ | 005.1 ก311 ส ฉ.2 Barcode: 39214 | ►หนังสือทั่วไป | On Shelf ขอยืม | |||||
| 3. | หนังสือ | 005.1 ก311 ส ฉ.3 Barcode: 39215 | ►หนังสือทั่วไป | On Shelf ขอยืม | |||||
| 4. | หนังสือ | 005.1 ก311 ส ฉ.4 Barcode: 39216 | ►หนังสือทั่วไป | On Shelf ขอยืม | |||||
| 5. | หนังสือ | 005.1 ก311 ส ฉ.5 Barcode: 39217 | ►หนังสือทั่วไป | On Shelf ขอยืม | |||||
| 6. | หนังสือ | 005.1 ก311 ส ฉ.6 Barcode: 39218 | ►หนังสือทั่วไป | On Shelf ขอยืม | |||||
| [แสดง 6/6 รายการ] | |||||||||
หนังสือดีน่าอ่าน

“ดั่งดวงแก้ว ส่องสว่าง ทางสายงาม”
จัดทำขึ้นเพื่อเฉลิมพระเกียรติ สมเด็จพระเทพรัตนราชสุดา ฯ สยามบรมราชกุมารี
เนื่องในโอกาสมหามงคลเฉลิมพระชนมพรรษา ๕ รอบ ๒ เมษายน ๒๕๕๘
โดยหนังสือเล่มนี้ได้รวบรวม ๖๐ พระอัจฉริยภาพของสมเด็จพระเทพ ฯ
ผู้อ่านจะได้รับแรงบันดาลใจให้พากเพียรเรียนรู้และขยันอดทนทำการงาน
ตามรอยเบื้องพระยุคลบาท เพราะพระองค์ทรงเป็นแบบอย่างอันดีเยี่ยมในทุกด้าน
ทั้งในความใฝ่รู้ใฝ่เรียน คุณธรรมจริยธรรม พระวิริยอุตสาหะในการทรงงาน
และอื่นๆอีกมากมาย ล้วนสามารถสร้างแรงบันดาลใจให้แก่เด็กและเยาวชน
อีกทั้งประชาชนทั่วไป ให้พากเพียรเรียนรู้และขยันอดทนทำการงานตามรอยพระยุคลบาท
เพื่อฝึกฝนตนเองให้เป็นคนดีคนเก่งของครอบครัวและสังคมต่อไป

แสดงความเห็นเกี่ยวกับหนังสือเล่มนี้ |
| คอมเมนท์ทรัพยากรรายการนี้ |
|
ห้องสมุดเฉลิมพระเกียรติกาญจนาภิเษก โรงเรียนพะเยาพิทยาคม อำเภอเมือง จังหวัดพะเยา 56000
![]()
![]()
E-mail :
Library Phayaopittayakom
05-4431-275 ต่อ 4621